| 000 | 00823nam a2200253Ia 4500 | ||
|---|---|---|---|
| 003 | OSt | ||
| 005 | 20221005092145.0 | ||
| 006 | a|||||r|||| 00| 0 | ||
| 007 | ta | ||
| 008 | 221004b |||||||| |||| 00| 0 eng d | ||
| 020 |
_a9780415507370 (hbk) _c7068.80 |
||
| 024 | _a122930 | ||
| 037 |
_b35638, 27/08/2012, Segment Book Distributors _cTextual |
||
| 040 |
_aCRL _cCRL _beng |
||
| 041 |
_2eng _aeng |
||
| 082 | _aO111,6(W,1):g, Q2 | ||
| 100 |
_aBoldrini Lucia _9392093 |
||
| 245 | 0 |
_aAutobiographies of others _b Historical subjects and literacy fiction |
|
| 260 |
_aNew York _bRoutledge U.S.A _c2012 |
||
| 300 |
_a225p. _ccm. |
||
| 650 | _aENGLISH LITERATURE | ||
| 942 |
_hO111,6(W,1):g, Q2 _cTEXL _2cc |
||
| 999 |
_c998448 _d998448 |
||